[Event "Warsaw Najdorf Memorial op-A"]
[Site "Warsaw"]
[Date "2023.07.19"]
[Round "9"]
[White "Lecki, Leonard"]
[Black "Korbal, Arkadiusz"]
[Result "1-0"]
[WhiteElo "1995"]
[BlackElo "2080"]
[PlyCount "43"]
[EventDate "2023.07.11"]
[EventType "swiss"]
[EventRounds "9"]
[EventCountry "POL"]
[SourceTitle "EXT 2024"]
[Source "ChessBase"]
[SourceDate "2023.10.10"]
[SourceVersion "1"]
[SourceVersionDate "2023.10.10"]
[SourceQuality "1"]

1. e4 c6 2. d4 d5 3. exd5 cxd5 4. Bd3 Nc6 5. c3 Qc7 6. Ne2 Bg4 7. f3 Bd7 8. Bf4 e5 9. dxe5 Nxe5 10. 0-0 Bd6 11. Na3 Nf6 12. Nb5 Qb6+ 13. Ned4 Bxb5 14. Bxb5+ Kf8 15. Kh1 a6 16. Ba4 Nc4 17. Qc1 Nh5 18. Bxd6+ Qxd6 19. b3 Ne5 20. Nf5 Qf6 21. Qa3+ Kg8 22. Ne7+ 1-0

[Event "Warsaw Maciei Memorial"]
[Site "Warsaw"]
[Date "2023.07.10"]
[Round "8"]
[White "Korbal, Arkadiusz"]
[Black "Kudlak, Julia"]
[Result "1-0"]
[WhiteElo "2080"]
[BlackElo "1899"]
[PlyCount "49"]
[EventDate "2023.07.10"]
[EventType "swiss (blitz)"]
[EventRounds "11"]
[EventCountry "POL"]
[SourceTitle "CBM 215 Extra"]
[Source "ChessBase"]
[SourceDate "2023.09.30"]
[SourceVersion "1"]
[SourceVersionDate "2023.09.30"]
[SourceQuality "1"]

1. d4 Nf6 2. c4 g6 3. Nc3 d5 4. cxd5 Nxd5 5. e4 Nxc3 6. bxc3 Bg7 7. Nf3 c5 8. Rb1 Nc6 9. d5 Bxc3+ 10. Bd2 Bxd2+ 11. Qxd2 Na5 12. Bb5+ Kf8 13. Qc3 f6 14. Qxc5 b6 15. Qc1 Bg4 16. Nd4 Kf7 17. 0-0 Rc8 18. Qf4 h5 19. Rfc1 Bd7 20. Ba6 Rc5 21. Rxc5 bxc5 22. Nf3 Kg7 23. e5 Rf8 24. e6 Ba4 25. Qxa4 1-0

[Event "Ustron op-B"]
[Site "Ustron"]
[Date "2021.08.19"]
[Round "8"]
[White "Grochol, Kamil"]
[Black "Korbal, Arkadiusz"]
[Result "0-1"]
[WhiteElo "1975"]
[BlackElo "2046"]
[PlyCount "98"]
[EventDate "2021.08.13"]
[EventType "swiss"]
[EventRounds "9"]
[EventCountry "POL"]
[SourceTitle "CBM 204 Extra"]
[Source "ChessBase"]
[SourceDate "2021.11.30"]
[SourceVersion "1"]
[SourceVersionDate "2021.11.30"]
[SourceQuality "1"]

1. d4 c5 2. c3 d5 3. Bf4 Nc6 4. e3 Nf6 5. Nd2 Bf5 6. Ngf3 e6 7. Qa4 Nd7 8. Bb5 Qb6 9. Ne5 Ndxe5 10. Bxe5 f6 11. Bg3 a6 12. Bxc6+ bxc6 13. Qb3 Qb5 14. Qxb5 axb5 15. dxc5 e5 16. Nb3 Kf7 17. f4 Ke6 18. 0-0 Be7 19. Rfe1 Ra4 20. h3 Rha8 21. a3 Bc2 22. Nd2 Bxc5 23. fxe5 fxe5 24. Nf3 Bd6 25. Rac1 Bg6 26. Rcd1 h6 27. Kh2 Rf8 28. Rf1 Raa8 29. Nd2 c5 30. Rxf8 Rxf8 31. Rf1 Ra8 32. Kg1 b4 33. cxb4 cxb4 34. axb4 Ra2 35. e4 Rxb2 36. exd5+ Kxd5 37. Nf3 Bc7 38. Rd1+ Ke6 39. Bxe5 Bxe5 40. Re1 Rb1 41. Kf2 Rxe1 42. Nxe1 Bc3 43. Nf3 Bxb4 44. Kg3 Kd5 45. Kf2 Be4 46. Nh2 Bc5+ 47. Kf1 Ke5 48. Ng4+ Kf4 49. Nxh6 gxh6 0-1

[Event "Ustron op-B"]
[Site "Ustron"]
[Date "2021.08.18"]
[Round "7"]
[White "Korbal, Arkadiusz"]
[Black "Madej, Marek"]
[Result "0-1"]
[WhiteElo "2046"]
[BlackElo "1950"]
[PlyCount "94"]
[EventDate "2021.08.13"]
[EventType "swiss"]
[EventRounds "9"]
[EventCountry "POL"]
[SourceTitle "CBM 204 Extra"]
[Source "ChessBase"]
[SourceDate "2021.11.30"]
[SourceVersion "1"]
[SourceVersionDate "2021.11.30"]
[SourceQuality "1"]

1. d4 Nf6 2. c4 c5 3. d5 g6 4. Nc3 d6 5. e4 Bg7 6. Nge2 0-0 7. Ng3 e6 8. Be2 Na6 9. 0-0 Nc7 10. h4 h5 11. Bg5 Qe8 12. Qd2 exd5 13. exd5 b5 14. cxb5 Bb7 15. Rfe1 Qd7 16. Bc4 Rae8 17. Rad1 Ng4 18. Be2 Bd4 19. Bxg4 Qxg4 20. Nge4 Nxd5 21. Nxd5 Rxe4 22. Rxe4 Qxe4 23. Nf4 Re8 24. Qd3 f6 25. Bxf6 Qxd3 26. Rxd3 Bxf6 27. Rxd6 Be5 28. Rxg6+ Kf7 29. Rg5 Bxf4 30. Rf5+ Kg6 31. Rxf4 Re1+ 32. Kh2 Re2 33. g4 Rxb2 34. gxh5+ Kxh5 35. Kg3 Rxb5 36. Rf7 a5 37. Rc7 a4 38. Kf4 a3 39. Ke5 Kxh4 40. f4 Kg4 41. Rg7+ Kf3 42. f5 Ke3 43. f6 c4+ 44. Ke6 c3 45. Rc7 Bd5+ 46. Ke7 Kd2 47. Rd7 Kc1 0-1

[Event "Ustron op-B"]
[Site "Ustron"]
[Date "2021.08.16"]
[Round "5"]
[White "Malaczek, Mateusz"]
[Black "Korbal, Arkadiusz"]
[Result "0-1"]
[WhiteElo "2018"]
[BlackElo "2046"]
[PlyCount "78"]
[EventDate "2021.08.13"]
[EventType "swiss"]
[EventRounds "9"]
[EventCountry "POL"]
[SourceTitle "CBM 204 Extra"]
[Source "ChessBase"]
[SourceDate "2021.11.30"]
[SourceVersion "1"]
[SourceVersionDate "2021.11.30"]
[SourceQuality "1"]

1. c4 e6 2. Nf3 d5 3. d4 Nf6 4. g3 dxc4 5. Bg2 Bb4+ 6. Bd2 Nc6 7. Bxb4 Nxb4 8. Qa4+ Nc6 9. Ne5 0-0 10. Nxc6 bxc6 11. Qxc4 Rb8 12. b3 Rb6 13. 0-0 Ba6 14. Qc2 Qxd4 15. Nc3 Nd5 16. Nxd5 cxd5 17. Qxc7 Bxe2 18. Rfe1 Rbb8 19. Rac1 Bh5 20. Qa5 Rbc8 21. h3 h6 22. Bf1 Qb6 23. Qa4 Bg6 24. h4 Rc5 25. Qf4 Rfc8 26. Rcd1 Rc2 27. g4 Rxa2 28. h5 Be4 29. Rc1 Rcc2 30. Rxc2 Rxc2 31. Re3 Qc7 32. Qxc7 Rxc7 33. b4 Kf8 34. f4 f6 35. Kf2 Ke7 36. Ra3 d4 37. Be2 e5 38. fxe5 fxe5 39. Ra5 Kf6 0-1

[Event "Ustron op-B"]
[Site "Ustron"]
[Date "2021.08.15"]
[Round "4"]
[White "Dzida, Kamil"]
[Black "Korbal, Arkadiusz"]
[Result "1-0"]
[WhiteElo "2189"]
[BlackElo "2046"]
[PlyCount "59"]
[EventDate "2021.08.13"]
[EventType "swiss"]
[EventRounds "9"]
[EventCountry "POL"]
[SourceTitle "CBM 204 Extra"]
[Source "ChessBase"]
[SourceDate "2021.11.30"]
[SourceVersion "1"]
[SourceVersionDate "2021.11.30"]
[SourceQuality "1"]

1. e4 c5 2. Nf3 Nc6 3. d4 cxd4 4. Nxd4 g6 5. c4 Nf6 6. Nc3 Nxd4 7. Qxd4 d6 8. Be3 Bg7 9. f3 0-0 10. Qd2 a5 11. b3 a4 12. b4 Be6 13. Rc1 Nd7 14. Be2 Ne5 15. Nd5 Bxd5 16. exd5 Qd7 17. h3 Qc7 18. 0-0 Nd7 19. c5 dxc5 20. bxc5 Rfc8 21. Rfd1 Qe5 22. f4 Qb2 23. Rc2 Qa3 24. c6 bxc6 25. dxc6 Nf8 26. Bc5 Qg3 27. Bf2 Qa3 28. Bf3 Qd6 29. Qxd6 exd6 30. c7 1-0

[Event "Ustron op-B"]
[Site "Ustron"]
[Date "2020.08.15"]
[Round "5"]
[White "Dziendziel, Mateusz"]
[Black "Korbal, Arkadiusz"]
[Result "1-0"]
[WhiteElo "1886"]
[BlackElo "2088"]
[PlyCount "61"]
[EventDate "2020.08.15"]
[EventType "swiss"]
[EventRounds "9"]
[EventCountry "POL"]
[SourceTitle "EXT 2021"]
[Source "ChessBase"]
[SourceDate "2020.10.23"]
[SourceVersion "1"]
[SourceVersionDate "2020.10.23"]
[SourceQuality "1"]

1. e4 e5 2. Nf3 Nc6 3. d4 exd4 4. Nxd4 Nf6 5. Nxc6 bxc6 6. Bd3 Bc5 7. 0-0 d6 8. Qf3 Ng4 9. Nc3 0-0 10. Bf4 Rb8 11. h3 Ne5 12. Bxe5 dxe5 13. Bc4 Qg5 14. Bb3 Bd4 15. Rfe1 Kh8 16. Nd1 f5 17. Kh2 Bb7 18. c3 fxe4 19. Qg3 Qd2 20. Rxe4 c5 21. Rg4 Bxf2 22. Nxf2 Rxf2 23. Rg1 Rbf8 24. Rxg7 Qf4 25. Rxc7 Be4 26. Rxc5 Re8 27. Ra5 Re7 28. Ra4 Qxg3+ 29. Kxg3 Re2 30. Kh4 Rxb2 31. Rxe4 1-0

[Event "Suwalki Warakomska Memorial op 4th"]
[Site "Suwalki"]
[Date "2020.08.07"]
[Round "2"]
[White "Lewicki, Miroslaw"]
[Black "Korbal, Arkadiusz"]
[Result "1-0"]
[WhiteElo "2340"]
[BlackElo "2088"]
[PlyCount "87"]
[EventDate "2020.08.06"]
[EventType "swiss"]
[EventRounds "9"]
[EventCountry "POL"]
[SourceTitle "CBM 197 Extra"]
[Source "ChessBase"]
[SourceDate "2020.09.30"]
[SourceVersion "1"]
[SourceVersionDate "2020.09.30"]
[SourceQuality "1"]

1. e4 c5 2. Nf3 d6 3. d4 cxd4 4. Nxd4 Nf6 5. Nc3 a6 6. Be2 e5 7. Nb3 Be7 8. 0-0 0-0 9. Be3 Be6 10. Nd5 Bxd5 11. exd5 Nbd7 12. c4 Rc8 13. f3 Ne8 14. Qd2 b6 15. Rad1 f5 16. a3 f4 17. Bf2 a5 18. Bd3 g6 19. Qe2 Ng7 20. Rfe1 Bh4 21. g3 fxg3 22. hxg3 Bg5 23. Kg2 Nc5 24. Nd2 Bxd2 25. Rxd2 Nf5 26. Bc2 Qg5 27. Rh1 Rce8 28. b4 Nd4 29. Be3 Qf6 30. Bxd4 exd4 31. Qf2 Re3 32. bxc5 Rxf3 33. Rf1 Qg5 34. c6 Rxf2+ 35. Rdxf2 Re8 36. Bd1 Re7 37. Rf4 d3 38. Bg4 Qe5 39. Bd7 d2 40. c7 Qe2+ 41. R4f2 Qe4+ 42. Kh2 Re8 43. Bxe8 Qxc4 44. Bc6 1-0

[Event "Suwalki Warakomska Memorial op 3rd"]
[Site "Suwalki"]
[Date "2019.08.08"]
[Round "5"]
[White "Dmochowska, Agnieszka"]
[Black "Korbal, Arkadiusz"]
[Result "1/2-1/2"]
[WhiteElo "2126"]
[BlackElo "2168"]
[PlyCount "114"]
[EventDate "2019.08.05"]
[EventType "swiss"]
[EventRounds "9"]
[EventCountry "POL"]
[SourceTitle "CBM 191 Extra"]
[Source "ChessBase"]
[SourceDate "2019.09.30"]
[SourceVersion "1"]
[SourceVersionDate "2019.09.30"]
[SourceQuality "1"]

1. e4 c5 2. Nf3 Nc6 3. d4 cxd4 4. Nxd4 g6 5. c4 Bg7 6. Nc2 d6 7. Be2 Qb6 8. Nc3 Bxc3+ 9. bxc3 Nf6 10. Be3 Qa5 11. f3 Qxc3+ 12. Bd2 Qe5 13. 0-0 0-0 14. Bd3 Be6 15. f4 Qc5+ 16. Be3 Qh5 17. Qd2 Ng4 18. h3 Nxe3 19. Nxe3 Qc5 20. Kh1 f6 21. Rab1 b6 22. f5 Bf7 23. Rb5 Qa3 24. fxg6 Bxg6 25. Nd5 Rac8 26. Rf3 Rf7 27. Be2 Qa4 28. Nc3 Qa6 29. c5 Ne5 30. Re3 bxc5 31. Rxc5 Qb7 32. Rxc8+ Qxc8 33. Nd5 Kg7 34. Rc3 Qb8 35. Rb3 Qd8 36. Rg3 Kh8 37. Qb4 Rg7 38. Ra3 f5 39. Nf4 Qd7 40. Qb8+ Rg8 41. Qxa7 Qxa7 42. Rxa7 fxe4 43. a4 Nc6 44. Rc7 Nd4 45. Bc4 Ra8 46. Rxe7 Rxa4 47. Nxg6+ hxg6 48. Bd5 Nf5 49. Re8+ Kg7 50. g4 Rd4 51. Bc6 Ne3 52. Rxe4 Rxe4 53. Bxe4 g5 54. Kh2 Kf6 55. Bd3 Ke5 56. Kg3 Kd4 57. Ba6 Ke4 1/2-1/2

[Event "Suwalki Warakomska Memorial op 3rd"]
[Site "Suwalki"]
[Date "2019.08.07"]
[Round "3"]
[White "Korbal, Arkadiusz"]
[Black "Czarniecka, Aleksandra"]
[Result "1/2-1/2"]
[WhiteElo "2168"]
[BlackElo "2042"]
[PlyCount "106"]
[EventDate "2019.08.05"]
[EventType "swiss"]
[EventRounds "9"]
[EventCountry "POL"]
[SourceTitle "CBM 191 Extra"]
[Source "ChessBase"]
[SourceDate "2019.09.30"]
[SourceVersion "1"]
[SourceVersionDate "2019.09.30"]
[SourceQuality "1"]

1. d4 d6 2. c4 e5 3. Nf3 e4 4. Ng5 f5 5. g3 Nf6 6. Bg2 Be7 7. 0-0 0-0 8. Nc3 c6 9. d5 h6 10. Nh3 Nbd7 11. f3 exf3 12. exf3 Ne5 13. b3 Qb6+ 14. Kh1 Bd7 15. Re1 Rae8 16. Nf4 Qc7 17. Bb2 Bd8 18. Rc1 Nf7 19. Nce2 Kh7 20. Nd4 Rxe1+ 21. Qxe1 Re8 22. Qd2 c5 23. Nde6 Bxe6 24. Nxe6 Qd7 25. Bh3 g6 26. Qc3 Ng5 27. Nxd8 Qxd8 28. Bg2 Kg7 29. Re1 Rxe1+ 30. Qxe1 Qd7 31. h4 Ngh7 32. Qe3 g5 33. Bf1 Kf7 34. Bh3 g4 35. fxg4 fxg4 36. Bg2 h5 37. Kh2 Qf5 38. a3 Nf8 39. b4 b6 40. Qb3 N8d7 41. Bc1 Kg6 42. Bf4 Ne5 43. bxc5 bxc5 44. Bxe5 Qxe5 45. Qb8 Qe7 46. a4 Ne8 47. a5 Ng7 48. Qb1+ Nf5 49. Be4 Qe5 50. Qd3 Kf6 51. Bxf5 Qxf5 52. Qe3 Qc2+ 53. Kg1 Qd1+ 1/2-1/2

[Event "Suwalki Warakomska Memorial op 3rd"]
[Site "Suwalki"]
[Date "2019.08.06"]
[Round "2"]
[White "Sernecki, Franciszek"]
[Black "Korbal, Arkadiusz"]
[Result "1-0"]
[WhiteElo "2260"]
[BlackElo "2168"]
[PlyCount "157"]
[EventDate "2019.08.05"]
[EventType "swiss"]
[EventRounds "9"]
[EventCountry "POL"]
[SourceTitle "CBM 191 Extra"]
[Source "ChessBase"]
[SourceDate "2019.09.30"]
[SourceVersion "1"]
[SourceVersionDate "2019.09.30"]
[SourceQuality "1"]

1. e4 e5 2. Nf3 Nc6 3. Bb5 a6 4. Ba4 Nf6 5. 0-0 Nxe4 6. d4 b5 7. Bb3 d5 8. dxe5 Be6 9. c3 Bc5 10. Bc2 0-0 11. Nbd2 Nxf2 12. Rxf2 f6 13. exf6 Bxf2+ 14. Kxf2 Qxf6 15. Nf1 Ne5 16. Be3 Rae8 17. Bc5 Rf7 18. Kg1 Bg4 19. N1d2 Nxf3+ 20. Nxf3 Qc6 21. b4 Bxf3 22. gxf3 Re5 23. Qd3 Qh6 24. Bf2 c6 25. Re1 Rfe7 26. Rxe5 Rxe5 27. Bg3 Qe3+ 28. Bf2 Qc1+ 29. Kg2 g6 30. h4 Re6 31. Bb3 Qf4 32. Qd4 Qxd4 33. Bxd4 Re2+ 34. Kg3 Kf7 35. Kg4 Rg2+ 36. Kh3 Rd2 37. Kg4 Rg2+ 38. Kf4 Rh2 39. Kg3 Rd2 40. Bh8 Ke6 41. Kf4 Re2 42. Bd4 Rh2 43. Kg5 Rg2+ 44. Kh6 Rh2 45. Kxh7 Kf7 46. Kh6 Rxh4+ 47. Kg5 Rh2 48. Kf4 Re2 49. Kg4 Rg2+ 50. Kf4 Re2 51. Kg4 Rg2+ 52. Kh3 Rd2 53. f4 Ke6 54. Kg4 Rh2 55. Kg3 Rd2 56. Kg4 Rg2+ 57. Kf3 Rh2 58. Bf2 Rh3+ 59. Bg3 Rh1 60. Bc2 Kf7 61. Ke3 Rh3 62. Kf3 Rh1 63. Ke2 Kf6 64. Bf2 Rh2 65. Kf3 Rh3+ 66. Kg2 Rh5 67. Bd4+ Kf7 68. a4 Rh4 69. Kg3 Rh1 70. a5 Rc1 71. Bd3 Rd1 72. Be2 Re1 73. Bg4 Ke7 74. Bc8 Kd8 75. Bxa6 Kc7 76. Be5+ Kd7 77. Bb7 g5 78. a6 gxf4+ 79. Bxf4 1-0

[Event "Police Gniota Memorial 34th"]
[Site "Police"]
[Date "2019.07.17"]
[Round "8"]
[White "Korbal, Arkadiusz"]
[Black "Jankowiak, Piotr"]
[Result "0-1"]
[WhiteElo "2178"]
[BlackElo "1985"]
[PlyCount "72"]
[EventDate "2019.07.10"]
[EventType "swiss"]
[EventRounds "9"]
[EventCountry "POL"]
[SourceTitle "EXT 2020"]
[Source "ChessBase"]
[SourceDate "2019.10.17"]
[SourceVersion "1"]
[SourceVersionDate "2019.10.17"]
[SourceQuality "1"]

1. d4 d5 2. c4 e6 3. Nf3 Nf6 4. g3 Bb4+ 5. Nbd2 0-0 6. Bg2 b6 7. 0-0 Bb7 8. Qc2 Nbd7 9. Rd1 Rc8 10. e4 c5 11. e5 Ne8 12. Nf1 cxd4 13. Rxd4 Be7 14. Bf4 b5 15. b3 Ba6 16. N1d2 Bc5 17. Bg5 f6 18. Rh4 h6 19. exf6 Nexf6 20. Bxh6 Qe7 21. Bg5 e5 22. Bxf6 Nxf6 23. Ng5 e4 24. Bh3 Rc6 25. Rf1 bxc4 26. bxc4 Qe5 27. Qa4 Rb6 28. Nb3 Be7 29. Ne6 Rxe6 30. Bxe6+ Qxe6 31. cxd5 Qb6 32. Rc1 Nxd5 33. Qxe4 Qxf2+ 34. Kh1 Bxh4 35. Qxd5+ Rf7 36. gxh4 Bb7 0-1

[Event "Police Gniota Memorial 34th"]
[Site "Police"]
[Date "2019.07.14"]
[Round "5"]
[White "Kozak, Antoni"]
[Black "Korbal, Arkadiusz"]
[Result "1-0"]
[WhiteElo "2365"]
[BlackElo "2178"]
[PlyCount "97"]
[EventDate "2019.07.10"]
[EventType "swiss"]
[EventRounds "9"]
[EventCountry "POL"]
[SourceTitle "EXT 2020"]
[Source "ChessBase"]
[SourceDate "2019.10.17"]
[SourceVersion "1"]
[SourceVersionDate "2019.10.17"]
[SourceQuality "1"]

1. d4 Nf6 2. c4 e6 3. Nc3 Bb4 4. Qc2 d5 5. cxd5 exd5 6. Bg5 0-0 7. e3 c5 8. dxc5 d4 9. 0-0-0 Bxc5 10. exd4 Be7 11. d5 Ng4 12. Bxe7 Qxe7 13. Nf3 Bd7 14. h3 Nf6 15. Bd3 Na6 16. d6 Qd8 17. Bxa6 bxa6 18. Ne5 Rc8 19. Rhe1 Be6 20. Kb1 Nd5 21. Qd2 Nb4 22. g4 Qa5 23. a3 Nc6 24. d7 Nxe5 25. dxc8Q Bxc8 26. Nd5 Qxd2 27. Rxd2 Nf3 28. Rc2 Nxe1 29. Ne7+ Kh8 30. Rxc8 Rxc8 31. Nxc8 Nd3 32. f3 Ne5 33. Nxa7 Nxf3 34. b4 Nd4 35. Kb2 Kg8 36. Kc3 Ne6 37. Nc6 Kf8 38. Kc4 Ke8 39. Nb8 Nc7 40. Kc5 g6 41. g5 Ne6+ 42. Kd6 Nxg5 43. Nxa6 f5 44. b5 Kd8 45. b6 Nf7+ 46. Ke6 Ng5+ 47. Kd5 Ne4 48. Kc6 Nf6 49. Nc5 1-0

[Event "Police Gniota Memorial 34th"]
[Site "Police"]
[Date "2019.07.12"]
[Round "3"]
[White "Dryja, Szymon"]
[Black "Korbal, Arkadiusz"]
[Result "0-1"]
[WhiteElo "1785"]
[BlackElo "2178"]
[PlyCount "98"]
[EventDate "2019.07.10"]
[EventType "swiss"]
[EventRounds "9"]
[EventCountry "POL"]
[SourceTitle "EXT 2020"]
[Source "ChessBase"]
[SourceDate "2019.10.17"]
[SourceVersion "1"]
[SourceVersionDate "2019.10.17"]
[SourceQuality "1"]

1. e4 e5 2. Nf3 Nc6 3. Bc4 Bc5 4. 0-0 Nf6 5. d3 a6 6. a4 d6 7. c3 Ba7 8. b4 0-0 9. h3 Ne7 10. Re1 Ng6 11. d4 Qe7 12. Qc2 Nh5 13. Bg5 Qe8 14. Kh2 exd4 15. cxd4 Bxd4 16. Nc3 Be5+ 17. Kg1 Nhf4 18. Ra3 h6 19. Bxf4 Nxf4 20. Nd5 Qd8 21. Nxe5 dxe5 22. Rf3 Ne6 23. Qc1 Ng5 24. Rg3 c6 25. Nc3 Kh8 26. Nd1 Qe7 27. Nb2 Qxb4 28. Nd3 Qe7 29. h4 Nh7 30. f4 Qxh4 31. Qe3 exf4 32. Nxf4 Qe7 33. Rf1 Ng5 34. Bxf7 Bf5 35. Be6 Bh7 36. Qd4 Rxf4 37. Rxf4 Qxe6 38. e5 Re8 39. Re3 b5 40. Qb6 bxa4 41. Qxa6 Qd5 42. Qxa4 Ne6 43. Rc4 Nc5 44. Qb4 Nd3 45. Qc3 c5 46. e6 Rxe6 47. Rg4 Bg6 48. Rh3 Kh7 49. Rgg3 Nf4 0-1

[Event "Police Gniota Memorial 34th"]
[Site "Police"]
[Date "2019.07.11"]
[Round "2"]
[White "Korbal, Arkadiusz"]
[Black "Levin, Felix"]
[Result "0-1"]
[WhiteElo "2178"]
[BlackElo "2457"]
[PlyCount "66"]
[EventDate "2019.07.10"]
[EventType "swiss"]
[EventRounds "9"]
[EventCountry "POL"]
[SourceTitle "EXT 2020"]
[Source "ChessBase"]
[SourceDate "2019.10.17"]
[SourceVersion "1"]
[SourceVersionDate "2019.10.17"]
[SourceQuality "1"]

1. c4 e5 2. Nc3 Nf6 3. g3 c6 4. d4 e4 5. Bg2 d5 6. Bg5 Bb4 7. Qb3 Bxc3+ 8. Qxc3 0-0 9. f3 exf3 10. Nxf3 Nbd7 11. Ne5 dxc4 12. 0-0 Ne4 13. Bxe4 Qxg5 14. Rf5 Qe7 15. Nxd7 Bxd7 16. Re5 Qd6 17. Qxc4 Rae8 18. Rxe8 Rxe8 19. Rf1 Be6 20. Qd3 g6 21. a3 f5 22. Bf3 Bd5 23. Kf2 Kg7 24. e3 h5 25. Rc1 h4 26. Rg1 Rh8 27. Bxd5 hxg3+ 28. hxg3 Qxd5 29. Rg2 Rh1 30. g4 fxg4 31. Rxg4 Rh2+ 32. Kg3 Qg2+ 33. Kf4 Qf2+ 0-1

[Event "Police Gniota Memorial 34th"]
[Site "Police"]
[Date "2019.07.10"]
[Round "1"]
[White "Krzywnicka, Maria"]
[Black "Korbal, Arkadiusz"]
[Result "0-1"]
[WhiteElo "1756"]
[BlackElo "2178"]
[PlyCount "62"]
[EventDate "2019.07.10"]
[EventType "swiss"]
[EventRounds "9"]
[EventCountry "POL"]
[SourceTitle "EXT 2020"]
[Source "ChessBase"]
[SourceDate "2019.10.17"]
[SourceVersion "1"]
[SourceVersionDate "2019.10.17"]
[SourceQuality "1"]

1. e4 c5 2. d3 Nc6 3. g3 g6 4. Bg2 Bg7 5. Nc3 d6 6. Be3 Rb8 7. Qd2 b5 8. Nge2 b4 9. Nd1 h5 10. h4 Nd4 11. 0-0 Nxe2+ 12. Qxe2 Nf6 13. Bf4 0-0 14. a3 a5 15. axb4 axb4 16. c3 Ng4 17. f3 Ne5 18. Bd2 c4 19. Nf2 cxd3 20. Nxd3 Qb6+ 21. Nf2 Be6 22. Be3 Qc7 23. Rfc1 Bc4 24. Qd2 bxc3 25. Rxc3 Qd7 26. f4 Ng4 27. Nxg4 Qxg4 28. Rxc4 Rxb2 29. Qd1 Qxg3 30. Qf3 Rxg2+ 31. Qxg2 Qxe3+ 0-1

[Event "Police Gniota Memorial 33rd"]
[Site "Police"]
[Date "2018.07.18"]
[Round "8"]
[White "Kula, Robert"]
[Black "Korbal, Arkadiusz"]
[Result "1-0"]
[WhiteElo "2309"]
[BlackElo "2168"]
[PlyCount "57"]
[EventDate "2018.07.11"]
[EventType "swiss"]
[EventRounds "9"]
[EventCountry "POL"]
[SourceTitle "CBM 185 Extra"]
[Source "ChessBase"]
[SourceDate "2018.07.29"]
[SourceVersion "1"]
[SourceVersionDate "2018.07.29"]
[SourceQuality "1"]

1. d4 Nf6 2. c4 e6 3. Nc3 c5 4. d5 exd5 5. cxd5 d6 6. e4 g6 7. f4 Bg7 8. Nf3 0-0 9. Bd3 c4 10. Bc2 Qb6 11. Rb1 Re8 12. Qe2 Nbd7 13. Be3 Qa6 14. 0-0 b5 15. a3 Ng4 16. Bd4 Bxd4+ 17. Nxd4 Qb6 18. Rbd1 Nc5 19. Kh1 Nd3 20. h3 Nf6 21. Bxd3 Qxd4 22. Bb1 Qc5 23. Qf3 a5 24. e5 b4 25. Na4 Qb5 26. exf6 Qxa4 27. f5 Qb3 28. Qf4 Qe3 29. Rde1 1-0

[Event "Police Gniota Memorial 33rd"]
[Site "Police"]
[Date "2018.07.16"]
[Round "6"]
[White "Voloshin, Leonid"]
[Black "Korbal, Arkadiusz"]
[Result "1-0"]
[WhiteElo "2383"]
[BlackElo "2168"]
[PlyCount "51"]
[EventDate "2018.07.11"]
[EventType "swiss"]
[EventRounds "9"]
[EventCountry "POL"]
[SourceTitle "CBM 185 Extra"]
[Source "ChessBase"]
[SourceDate "2018.07.29"]
[SourceVersion "1"]
[SourceVersionDate "2018.07.29"]
[SourceQuality "1"]

1. d4 Nf6 2. Nc3 d5 3. Bg5 Nbd7 4. Nf3 c5 5. dxc5 Qa5 6. Bxf6 Nxf6 7. Qd4 e6 8. b4 Qc7 9. e4 a5 10. Nb5 Qd8 11. Qe5 Ng4 12. Qf4 e5 13. Nxe5 Nxe5 14. Qxe5+ Be7 15. Nc7+ Kf8 16. Nxa8 Bf6 17. Qxd5 Qxd5 18. exd5 Bxa1 19. Nb6 Bf5 20. Bd3 Bc3+ 21. Ke2 Bxd3+ 22. Kxd3 Bxb4 23. c3 Ba3 24. Rb1 Ke7 25. Na4 Rb8 26. Kc4 1-0

[Event "Police Gniota Memorial 33rd"]
[Site "Police"]
[Date "2018.07.15"]
[Round "5"]
[White "Korbal, Arkadiusz"]
[Black "Cyborowski, Lukasz"]
[Result "0-1"]
[WhiteElo "2168"]
[BlackElo "2522"]
[PlyCount "70"]
[EventDate "2018.07.11"]
[EventType "swiss"]
[EventRounds "9"]
[EventCountry "POL"]
[SourceTitle "CBM 185 Extra"]
[Source "ChessBase"]
[SourceDate "2018.07.29"]
[SourceVersion "1"]
[SourceVersionDate "2018.07.29"]
[SourceQuality "1"]

1. Nf3 Nf6 2. g3 b6 3. Bg2 Bb7 4. 0-0 c5 5. c4 e6 6. Nc3 Be7 7. e3 0-0 8. d4 Ne4 9. Qc2 Nxc3 10. Qxc3 Be4 11. b3 Nc6 12. Bb2 Bf6 13. Ne5 Bxg2 14. Kxg2 cxd4 15. exd4 Rc8 16. Qf3 d5 17. cxd5 exd5 18. Rac1 Bxe5 19. dxe5 Qd7 20. Rfd1 Rfd8 21. Qf4 Qe6 22. Rc2 h6 23. Rcd2 Rd7 24. Qe3 Ne7 25. Ba3 Nf5 26. Qf4 d4 27. Qe4 Rd5 28. g4 Nh4+ 29. Kf1 Rxe5 30. Qxd4 Re8 31. f4 Re1+ 32. Kf2 Rxd1 33. Rxd1 Qe2+ 34. Kg3 Qg2+ 35. Kxh4 Qxh2# 0-1

[Event "Police Gniota Memorial 33rd"]
[Site "Police"]
[Date "2018.07.12"]
[Round "2"]
[White "Czuchnicki, Adam"]
[Black "Korbal, Arkadiusz"]
[Result "0-1"]
[WhiteElo "1966"]
[BlackElo "2168"]
[PlyCount "110"]
[EventDate "2018.07.11"]
[EventType "swiss"]
[EventRounds "9"]
[EventCountry "POL"]
[SourceTitle "CBM 185 Extra"]
[Source "ChessBase"]
[SourceDate "2018.07.29"]
[SourceVersion "1"]
[SourceVersionDate "2018.07.29"]
[SourceQuality "1"]

1. d4 Nf6 2. c4 g6 3. Nf3 Bg7 4. Nc3 0-0 5. e4 d6 6. Be2 c5 7. d5 e6 8. 0-0 exd5 9. cxd5 Re8 10. Nd2 Na6 11. Re1 Nc7 12. a4 b6 13. f4 Ba6 14. Bxa6 Nxa6 15. Ra3 h5 16. Nb5 Nb4 17. Rf3 a6 18. Nc3 Ng4 19. Nc4 Qh4 20. h3 Bd4+ 21. Ne3 Nc2 22. g3 Ncxe3 23. Bxe3 Qxh3 24. Bxd4 Qh2+ 25. Kf1 cxd4 26. Qxd4 Qh1+ 27. Ke2 Qg2+ 28. Rf2 Nxf2 29. Qxf2 Rxe4+ 30. Nxe4 Qxe4+ 31. Kf1 Qh1+ 32. Qg1 Qf3+ 33. Qf2 Qd3+ 34. Kg1 Rc8 35. f5 Rc2 36. Qf4 Qd2 37. Re8+ Kg7 38. f6+ Kh7 39. Qxd2 Rxd2 40. Rb8 Rxb2 41. a5 b5 42. Rb6 Ra2 43. Rxd6 b4 44. Rb6 Rxa5 45. d6 Rd5 46. Rxa6 b3 47. Rb6 b2 48. Rxb2 Rxd6 49. Kg2 Rxf6 50. Rb1 g5 51. Rb7 Kg6 52. Rb8 Ra6 53. Rh8 Ra2+ 54. Kg1 f6 55. Kh1 Kf5 0-1

[Event "EU-ch rapid"]
[Site "Katowice"]
[Date "2017.12.16"]
[Round "2"]
[White "McShane, Luke J"]
[Black "Korbal, Arkadiusz"]
[Result "1-0"]
[WhiteElo "2640"]
[BlackElo "2181"]
[PlyCount "77"]
[EventDate "2017.12.16"]
[EventType "swiss (rapid)"]
[EventRounds "11"]
[EventCountry "POL"]
[SourceTitle "CBM 182 Extra"]
[Source "ChessBase"]
[SourceDate "2018.02.23"]
[SourceVersion "1"]
[SourceVersionDate "2018.02.23"]
[SourceQuality "1"]

1. e4 e5 2. Nf3 Nc6 3. Bb5 a6 4. Ba4 Nf6 5. 0-0 Be7 6. Re1 b5 7. Bb3 0-0 8. d3 d6 9. c3 Na5 10. Bc2 c5 11. Nbd2 Re8 12. Nf1 Bf8 13. Bg5 h6 14. Bh4 g5 15. Bg3 Be6 16. d4 cxd4 17. cxd4 exd4 18. Nxd4 Nc4 19. b3 Ne5 20. Ne3 Rc8 21. a4 b4 22. h4 Rc3 23. hxg5 hxg5 24. Qe2 Qb6 25. Rad1 Rec8 26. Nxe6 fxe6 27. Rd2 Qc6 28. Bxe5 dxe5 29. Nc4 Qc7 30. Rd3 Rxd3 31. Bxd3 Bc5 32. Ne3 a5 33. g3 Kg7 34. Kg2 Qa7 35. Ng4 Rf8 36. Qd2 Nxg4 37. Qxg5+ Kf7 38. Qxg4 Bxf2 39. Rh1 1-0